Zufällige Stadt zu Land #2 - Statistiken

Allgemein
  • Dieses Quiz wurde 186 mal gespielt
  • Das Durchschnittsergebnis liegt bei 16 aus 20
Antwortstatistiken
Stadt Land % Korrekt
Bremen Deutschland
97%
Sofia Bulgarien
96%
Helsinki FInnland
96%
Den Haag Niederlande
94%
Wuhan China
93%
Bologna Italien
92%
Vaduz LIechtenstein
91%
Pjöngjang Nordkorea
91%
Bratislava Slowakei
91%
Auckland Neuseeland
88%
Nikosia Zypern
88%
Calgary Kanada
83%
Nairobi Kenia
83%
Taipeh Taiwan
80%
Lansing Vereinigte Staaten
71%
Port-au-Prince Haiti
70%
Colombo Sri Lanka
62%
Muskat Oman
57%
Fucking Osterreich
57%
Salvador Brasilien
54%
Keine übereinstimmenden Quizze gefunden
Verteilung der Resultate
Anzahl Personen mit jedem Resultat
Perzentil nach korrekt beantworteten Fragen
Ihre Resultats-Entwicklung
Sie haben dieses Quiz noch nicht gespielt